000 01031nam a22002537a 4500
005 20170124102935.0
010 _aB-038432
020 _c125.00
_a818582682
035 _aB-038432
037 _bCen Lib/Ret
040 _aDPL
_bHN
082 _a827
_bजोशीदे
100 _aजोशी, देवव्रत
_946421
245 _aकबीर किसकी जायदाद हैं? /
_cदेवव्रत जोशी
246 _aKabir kiski jaydad hain /
_bby Devvrat Joshi
260 _bग्रंथ अकादमी
_aनई दिल्ली
_c2001
270 _bनई दिल्ली
_a1686, पुराना दरिया गंज
_e110002
300 _a125पृ.
_c20सेमी (सजिल्द)
650 _aहिन्दी -- साहित्य
_946422
650 _a हिन्दी -- कविता
_9779
650 _aHindi - literature
_946423
650 _aHindi - poetry
_946424
942 _2ddc
_cHN
_h827
_mजोशीदे
999 _c112226
_d112226